|
|
|
|
| LEADER |
02179nam a2200385 u 4500 |
| 001 |
10023646 |
| 003 |
upatras |
| 005 |
20230920113711.0 |
| 008 |
970529s1993 gr gre |
| 020 |
|
|
|a 9607219244
|
| 040 |
|
|
|a GR-PaULI
|c GR-PaULI
|
| 041 |
0 |
|
|a gre
|
| 082 |
0 |
4 |
|a 621.310 42
|
| 100 |
1 |
|
|a Chapman, Stephen J.
|9 104654
|
| 245 |
1 |
0 |
|a Ηλεκτρικές μηχανές DC-AC
|c Stephen J. Chapman; μετάφραση Νίκος Χατζηιωάννου
|c ; επιμέλεια Nίκος Μάργαρης
|
| 250 |
|
|
|a 2η έκδ.
|
| 260 |
|
|
|a Θεσσαλονίκη
|b Α. Τζιόλα Ε.
|c 1993
|
| 300 |
|
|
|a 790 σ.
|b σχήμ., πίν.
|c 25 εκ.
|
| 504 |
|
|
|a Περιέχει παράρτημα, βιβλιογραφία και ευρετήριο
|
| 650 |
|
4 |
|a Ηλεκτρονικά ισχύος
|9 43421
|
| 650 |
|
4 |
|a Εναλλασσόμενες ηλεκτρικές μηχανές
|9 149743
|
| 650 |
|
4 |
|a Ηλεκτρικοί κινητήρες
|9 7498
|
| 650 |
|
4 |
|a Μετασχηματιστές
|9 76392
|
| 700 |
1 |
|
|a Μάργαρης, Νίκος Ι.
|4 edt
|9 25127
|
| 700 |
1 |
|
|a Χατζηιωάννου, Νίκος
|4 trl
|9 149744
|
| 852 |
|
|
|a GR-PaULI
|b ΠΑΤΡΑ
|b ΒΚΠ
|b ΒΣ1
|k ΑΣΧΞ
|h 621.310 42 CHA
|m 22783
|p 025000005639
|t 1
|
| 852 |
|
|
|a GR-PaULI
|b ΠΑΤΡΑ
|b ΒΚΠ
|b ΒΣ1
|k ΑΣΧΞ
|h 621.310 42 CHA
|m 22786
|p 025000002859
|t 4
|
| 852 |
|
|
|a GR-PaULI
|b ΠΑΤΡΑ
|b ΦΥΣΙΚΟ
|k ΑΣΧΞ-1
|h 621.310 42 CHA
|m 22784
|p 025000022820
|t 2
|
| 852 |
|
|
|a GR-PaULI
|b ΠΑΤΡΑ
|b ΦΥΣΙΚΟ
|k ΑΣΧΞ-1
|h 621.310 42 CHA
|m 22785
|p 025000023456
|t 3
|
| 942 |
|
|
|2 ddc
|c BK15
|
| 952 |
|
|
|0 0
|1 0
|4 0
|6 621_310000000000000_42_CHA
|7 0
|9 191403
|a LISP
|b LISP
|c BSC
|d 2016-04-24
|i 22786
|l 2
|o 621.310 42 CHA
|p 025000002859
|r 2020-06-12 00:00:00
|s 2020-03-03
|t 4
|w 2016-04-24
|y BK15
|
| 952 |
|
|
|0 0
|1 0
|4 0
|6 621_310000000000000_42_CHA
|7 0
|9 191404
|a PHYS
|b PHYS
|d 2016-04-24
|i 22784
|l 0
|o 621.310 42 CHA
|p 025000022820
|r 2016-04-24 00:00:00
|t 2
|w 2016-04-24
|y BK15
|
| 952 |
|
|
|0 0
|1 0
|4 0
|6 621_310000000000000_42_CHA
|7 0
|9 191405
|a PHYS
|b PHYS
|d 2016-04-24
|i 22785
|l 1
|o 621.310 42 CHA
|p 025000023456
|r 2021-08-23 00:00:00
|s 2021-08-23
|t 3
|w 2016-04-24
|y BK15
|
| 998 |
|
|
|c ΔΡΑΚΟΠΟΥΛΟΥ
|d 1999-12
|
| 999 |
|
|
|c 117584
|d 117584
|